00198nam a2200085 4500082001500000245002100015260002500036300000700061500004400068 a664.53 SPI aSpice Processing aColombobCISIRc1981 a14 aSeries on Aromatic Plants of Sri Lanka